Library of the University of Algiers 3
Ibrahim Sultan Cheibout
شعار جامعة الجزائر 3
مكتبة جامعة الجزائر 3
إبراهيم سلطان شيبوط

إدارة الفريق : (رقم التسجيلة. 45556)

تفاصيل مارك
000 -LEADER
fixed length control field 01102nam a2200265Ia 4500
003 - CONTROL NUMBER IDENTIFIER
control field Ost
005 - DATE AND TIME OF LATEST TRANSACTION
control field 20260507075649.0
008 - FIXED-LENGTH DATA ELEMENTS--GENERAL INFORMATION
fixed length control field 260507s9999||||xx |||||||||||||| ||und||
020 ## - INTERNATIONAL STANDARD BOOK NUMBER
International Standard Book Number 4559249960
040 ## - CATALOGING SOURCE
Transcribing agency fsecg
041 ## - LANGUAGE CODE
Language code of text/sound track or separate title ara
082 ## - DEWEY DECIMAL CLASSIFICATION NUMBER
Classification number 658.314
100 ## - MAIN ENTRY--PERSONAL NAME
Personal name هاييس، نيكي
Relator term مؤلف
245 #0 - TITLE STATEMENT
Title إدارة الفريق :
Remainder of title استراتيجية النجاح /
Statement of responsibility, etc. نيكي هاييس
260 ## - PUBLICATION, DISTRIBUTION, ETC.
Place of publication, distribution, etc. الرياض:
Name of publisher, distributor, etc. دار المريخ للنشر,
Date of publication, distribution, etc. 2005
300 ## - PHYSICAL DESCRIPTION
Extent 276 صفحة؛
Other physical details إيضاحات ؛
Dimensions 24 سم
504 ## - BIBLIOGRAPHY, ETC. NOTE
Bibliography, etc. note المراجع ص.576
520 ## - SUMMARY, ETC.
Summary, etc. لماذا نستخدم الفريق؟- الفريق والمجموعة- بناء الفريق- الفريق وقائده- تقويم أداء الفريق- الفريق وتنظيمه- تنفيذ عمل الفريق- ملخص واستنتاجات.
653 ## - INDEX TERM--UNCONTROLLED
Uncontrolled term إدارة الأفراد
653 ## - INDEX TERM--UNCONTROLLED
Uncontrolled term الإدارة
653 ## - INDEX TERM--UNCONTROLLED
Uncontrolled term الإدارة التنفيذية
653 ## - INDEX TERM--UNCONTROLLED
Uncontrolled term النجاح الإداري
700 ## - ADDED ENTRY--PERSONAL NAME
Personal name سرور، سرور علي ابراهيم
Relator term مؤلف ثانوي
942 ## - ADDED ENTRY ELEMENTS (KOHA)
Koha item type كتب

لا توجد مواد متاحة.

موارد الويب المفتوحة


© University of Algiers 3 All Rights Reserved
|
Implemented by LECHELAH Riad